Wuppertal - Quiz - Statistiken

Allgemein
  • Dieses Quiz wurde 159 mal gespielt
  • Das Durchschnittsergebnis liegt bei 11 aus 20
Antwortstatistiken
Hinweis Antwort % Korrekt
Beeindruckendes Verkehrsmittel Schwebebahn
100%
Pharmakonzern Bayer
83%
Die anderen beiden Städte im Städtedreieck Solingen
78%
Region in der Wuppertal die größte Stadt ist Bergisches Land
77%
Die anderen beiden Städte im Städtedreieck Remscheid
76%
Städte, aus deren Vereinigung Wuppertal entstand Elberfeld
75%
Spielstätte des Wuppertaler SV Stadion am {Zoo}
73%
Städte, aus deren Vereinigung Wuppertal entstand Barmen
71%
Elefant, der aus einem Zug in die Wupper sprang Tuffi
69%
Koautor des Manifests der Kommunistischen Partei Friedrich Engels
63%
Bekanntes Schwimmbad Schwimmoper
63%
Küchenmaschine von Vorwerk Thermomix
60%
Welche Industrie brachte Wuppertal den Namen deutsches Manchester? {Textil}industrie
49%
Gründerzeitliches Villenviertel B{rill}
47%
Kunstmuseum Von der Heydt-Museum
40%
Mineral, das hier im Tagebau gewonnen wird Kalk
16%
Waldgebiet bekannt für sein Arboretum Staatsforst {Burgholz}
16%
Das erste dieser halbkugelförmigen Gebäuden stand hier Planetarium
15%
Evangelische Widerstandsbewegung {Bekennende} Kirche
7%
Elendsviertel aus Fachwerkhäusern An der {Fuhr}
2%
Keine übereinstimmenden Quizze gefunden
Verteilung der Resultate
Anzahl Personen mit jedem Resultat
Perzentil nach korrekt beantworteten Fragen
Ihre Resultats-Entwicklung
Sie haben dieses Quiz noch nicht gespielt